Responses for Show #1621 - Monday, September 23, 1991

Contestants

[<< previous game]

Terri Timanus, an administrative assistant originally from Denton, Kansas

Peter Gordon, an advertising account supervisor from Wilmington, Delaware

Seth Davis, an environmental lawyer from Croton-on-Hudson, New York (whose 1-day cash winnings total $10,601)

[next game >>]

Jeopardy! Round responses

CELEBRITY QUOTES
ANIMALS
EUROPE
AUTHORS
TECHNOLOGY
THE DUCHESS OF WINDSOR
    $100 20
Sonny Bono

Terri
    $100 6
tigers

Seth
    $100 8
Yugoslavia

Seth
    $100 10
French

Peter
    $100 1
Goodyear

Peter
    $100 23
Her Royal Highness

Seth
    $200 21
Richard Burton

Terri
    $200 7
(Seth: What is the ASPCA?)

animal shelters (or pounds)

SethPeter
    $200 9
Belgium

Terri
    $200 15
Anne Morrow Lindbergh

Seth
    $200 2
lightning rod

Seth
    $200 24
Baltimore

Terri
    $300 22
Maureen O'Sullivan

Seth
    $300 12
the stonefish

Triple Stumper
    $300 11
London

Seth
    $300 16
Caldwell

Terri
    $300 3
Japan

Seth
    $300 28
the duchess' first two husbands

Terri
    $1,000 25
(Terri: Who is Kirk Douglas?)
(Alex: Oh, sorry, you picked the wrong one. Who is [*]? We've got less than a minute to go and you get to select again.)

Charlton Heston

Terri
    $400 13
reptiles

Seth
    $400 18
Norway

Seth
    $400 17
D.H. Lawrence

Peter
    $400 4
the Boeing 707

Peter
    $400 29
[The end-of-round signal sounds.]

rich

Seth
    $500 26
(Peter: Who is Orson Welles?)

Bob Hope

PeterTerri
    $500 14
rhinoceros

Terri
    $500 19
Dresden

Terri
    $500 27
Dorothy Parker

Seth
    $500 5
(Terri: What is a, uh...)

a keypunch machine

SethTerri

Scores at the first commercial break (after clue 14):

Seth Peter Terri
$1,700 $800 $200

Scores at the end of the Jeopardy! Round:

Seth Peter Terri
$3,600 $700 $1,300

Double Jeopardy! Round responses

U.S. PRESIDENTS
BIBLICAL PEOPLE & PLACES
MUSIC
NEW YORK CITY
MEDICINE
COLORS
    $200 1
Harry Truman

Seth
    $200 18
Joshua

Peter
    $200 9
Beethoven

Peter
    $200 2
Ed Koch

Seth
    $200 8
a Cesarian section

Seth
    $200 23
pumpkin

Terri
    $400 4
Theodore Roosevelt

Peter
    $400 19
Abraham

Seth
    $2,200 11
"The Donkey Serenade"

Seth
    $400 3
St. Patrick's

Peter
    $400 10
prognosis

Seth
    $400 26
emerald

Peter
    $600 5
Ulysses S. Grant

Peter
    $600 24
(Alex: With less than a minute to go in the round.)

Babylon

Peter
    $600 12
(Richard & Johann) Strauss

Peter
    $600 20
Aqueduct

Seth
    $2,500 13
(Peter: [Long pause] Oh.)
(Alex: Peter, say something.)
(Peter: Um... what's... vessel graph?)
(Alex: No, sorry. What is [*]? I know it was in there somewhere, you just couldn't get it out.)

an angiogram

Peter
    $600 28
gold

Peter
    $800 6
Monroe

Seth
    $800 25
Sharon

Seth
    $800 15
Haydn

Peter
    $800 21
the East River

Seth
    $800 14
Down syndrome

Seth
    $800 29
red

Seth
    $1000 7
(Seth: Who was Lincoln?)
(Terri: Who is McKinley?)

Garfield

SethPeterTerri
    $1000 30
Absalom

Terri
    $1000 16
(Terri: What is...)

The Sorcerer's Apprentice

PeterTerri
    $1000 22
the Bronx

Seth
    $1000 17
vitamin D

Terri
    $1000 27
pink

Seth

Scores at the end of the Double Jeopardy! Round:

Seth Peter Terri
$12,800 $5,000 $1,500
(lock game)

[wagering suggestions for these scores]

Final Jeopardy! Round responses

WOMEN IN HISTORY
TerriWho was Hull?
$1,500
PeterWho is Eleanor Roosevelt?
$2,500
SethWho was Jane Addams?
$2,799
Jane Addams

Final scores:

Seth Peter Terri
$15,599 $2,500 $0
2-day champion: $26,200 2nd place: a week for two at the Pelican Cove Inn in Carlsbad Village + Catalina swimwear 3rd place: a collection of Braun kitchen appliances + a Nintendo system featuring Super Jeopardy! & Wheel of Fortune

Game dynamics:

Coryat scores:

Seth Peter Terri
$11,000 $7,500 $2,500
27 R
(including 1 DD),
2 W
17 R,
2 W
(including 1 DD)
12 R,
4 W
(including 1 DD)

Combined Coryat: $21,000

[game clues] [game scores] [suggest correction]

Game tape date: 1991-08-13
The J! Archive is created by fans, for fans. Scraping, republication, monetization, and malicious use prohibited; this site may use cookies and collect identifying information. See terms. The Jeopardy! game show and all elements thereof, including but not limited to copyright and trademark thereto, are the property of Jeopardy Productions, Inc. and are protected under law. This website is not affiliated with, sponsored by, or operated by Jeopardy Productions, Inc. Join the discussion at JBoard.tv.